Grapevine. Workbook 2B /

Gespeichert in:
Bibliographische Detailangaben
Hauptverfasser: Viney, Peter (Verfasst von), Viney, Karen (Verfasst von)
Format: Buch
Sprache:Englisch
Veröffentlicht: Oxford : The University Press, 1991
Tags: Tag hinzufügen
Keine Tags, Fügen Sie das erste Tag hinzu!

MARC

LEADER 00000nam a22000003a 4500
001 stu31980
005 20150617225733.1
008 950221s1991----uk------------------eng-d
040 |a STU  |b slo 
041 0 |a eng 
044 |a uk 
080 |a 802.0 
100 1 |a Viney, Peter  |4 aut 
245 1 |a Grapevine. Workbook 2B /  |c [aut.] Viney,Peter; Viney,Karen 
260 |a Oxford :  |b The University Press,  |c 1991 
300 |a 48 s 
700 1 |a Viney, Karen  |4 aut 
996 |b 284J011338  |c J*88098  |l JJST  |s P  |a 0  |w stu31980_0001 
996 |b J88099  |c J*88099  |l JJST  |s P  |a 0  |w stu31980_0002 
996 |b 284J011339  |c J*88100  |l JJST  |s P  |a 0  |w stu31980_0003 
996 |b J88101  |c J*88101  |l JJK17  |s P  |a 0  |w stu31980_0004 
996 |b J88102  |c J*88102  |l JJK17  |s P  |a 0  |w stu31980_0005 
996 |b J88103  |c J*88103  |l JJK17  |s P  |a 0  |w stu31980_0006 
996 |b J88104  |c J*88104  |l JJK17  |s P  |a 0  |w stu31980_0007 
996 |b J88105  |c J*88105  |l JJK17  |s P  |a 0  |w stu31980_0008 
996 |b J88106  |c J*88106  |l JJK17  |s P  |a 0  |w stu31980_0009 
996 |b J88107  |c J*88107  |l JJK17  |s P  |a 0  |w stu31980_0010